000 01547cam a22004214i 4500
003 PE-LiUPU
005 20250731173001.0
008 150623s1993 miu r 000 0 spa d
020 _a0939125757
035 _a(Sirsi) i9780939125753
040 _aPE-LiUPU
_bspa
_cPE-LiUPU
_erda
049 _aPRUA
082 0 4 _a220.61
_bH321i
_223
100 1 _aHarrison, Roland Kenneth,
_eautor.
_94327
245 1 0 _aIntroducción al Antiguo Testamento :
_nVolumen 2
_bEl Pentateuco y los profetas anteriores /
_cpor Roland Kenneth Harrison.
264 1 _aJenison, Michigan :
_bThe Evangelical Literature League,
_c1993.
300 _a299 páginas ;
_c22 centímetros.
336 _atext
_2rdacontent
337 _aunmediated
_2rdamedia
338 _avolume
_2rdacarrier
504 _aNotas de pie de página al final de cada capítulo.
505 0 _aEl Pentateuco -- El estudio del Pentateuco -- El libro de Génesis -- El libro de Exodo -- El libro de Levítico -- El libro de Números -- El libro de Deuteronomio -- Los profetas anteriores -- El libro de Josué -- El libro de los Jueces -- El libro de Samuel -- El libro de los Reyes.
526 _aSEG42
526 _aSEG41
526 _aSEG40
526 _aSEG39
526 _aP94
526 _aP87
526 _aP86
526 _aP85
526 _aP77
526 _aP76
526 _aP35
630 1 4 _aBiblia.
_pPentateuco
_xIntroducciones.
_94376
942 _2ddc
_cBK
999 _c22382
_d22382
980 _81
_gALBERTO SANCHEZ Responsable de Automatización